1246 1058 1288 1669 1224 1428 1852 1901 1450 1636 1885 1859 1674 1847 1541 1138 1991 1352 1265 1644 1469 1439 1267 1382 1173 1997 1306 1158 1958 1377 1588 1285 1713 1857 1659 1468 1572 1449 1246 1557 1850 1478 1409 1136 1642 1865 1029 1807 1787 1721 1163 1573 1095 1575 1853 1762 1686 1858 1877 1461 1508 1747 1475 1280 1217 1707 1190 1117 1302 1629 1824 1858 1631 1604 1710 1024 1389 1756 1325 1125 1037 1924 1112 1515 1733 1570 1534 1066 1142 1671 1734 1069 1466 1988 1863 1333 1946 1128 1298 BCNSPRNW ULIB Ver.6.0+V

เปลี่ยนเป็นภาษาไทย

Change to English
 แสดงรายละเอียดบรรณานุกรม
  กลับหน้าหลัก

Brief Record : Get Marc (ISO 2709) : E-mail record : QR code < ปิดหน้าต่าง
LEADER : 00000nam 2200000uu 4500
001    13399127968
003     ULIB
008    020711s2563 th a 000 0 tha d
020    ^a9786169307495
050    ^aนว.^bภ-ม
100    ^aภัสรสา
245    ^aมนตร์อัคคี
250    ^aพิมพ์ครั้งที่ 1
260    ^aกรุงเทพฯ :^bภัสรสา, บจก.,^c2563
300    ^a302 หน้า;^b21 ซม.
650    ^aนวนิยาย
945    ^p295^l0^i008558
999    ^aประนอม เกษจรัล
รายการนี้ยังไม่มีแท็ก
คุณยังไม่ได้ล็อกอิน คุณสามารถมีกิจกรรมร่วมกับเว็บไซต์ได้ แต่ต้องล็อกอินก่อน ::
  ล็อกอิน

รายการสื่อสารสนเทศ

ลำดับที่ ประเภท เลขเรียก/บาร์โค้ด สถานที่ สถานะ
1. นวนิยาย
นวนิยาย
นว. ภ-ม ฉ.1 
  Barcode: 008558
ห้องสมุดวิทยาเขตสวรรค์ประชารักษ์
►นวนิยาย
บนชั้น
  ขอยืม

รายการใกล้เคียง
    ชื่อเรื่อง [มนตร์อัคคี]

    ผู้แต่ง [ภัสรสา]

    หัวเรื่อง [นวนิยาย]

BibComment


ยังไม่เคยถูกคอมเมนท์

คอมเมนท์ทรัพยากรรายการนี้
  คอมเมนท์: มนตร์อัคคี


 Copyright 2026. Bcnsprnw @Library